000
00252nam a22001097a 4500
008
180803b xxu||||| |||| 00| 0 eng d
082
_a
813.52
245
_a
Real Nursing Skills
_c
Boese,T
300
_a
2
_f
CD
440
_x
9780131915275
942
_2
ddc
_c
MX
999
_c
46779
_d
46779